Hospital clinics, and Health centers (Record no. 10627)

000 -LEADER
fixed length control field 00280nam a2200109 4500
003 - CONTROL NUMBER IDENTIFIER
control field OSt
005 - DATE AND TIME OF LATEST TRANSACTION
control field 20220429170545.0
008 - FIXED-LENGTH DATA ELEMENTS--GENERAL INFORMATION
fixed length control field 220429b ||||| |||| 00| 0 eng d
082 ## - DEWEY DECIMAL CLASSIFICATION NUMBER
Classification number 362.110
245 ## - TITLE STATEMENT
Title Hospital clinics, and Health centers
Remainder of title an architectural record book
942 ## - ADDED ENTRY ELEMENTS (KOHA)
Source of classification or shelving scheme
Holdings
Withdrawn status Lost status Source of classification or shelving scheme Damaged status Koha normalized classification for sorting Not for loan Permanent location Current location Date acquired Full call number Barcode Date last seen Price effective from Non-public note Koha item type Public note
        362_110000000000000   BMS College of Architecture, Design and Planning BMS College of Architecture, Design and Planning 2022-04-29 362.110 AR-DB312 2022-04-29 2022-04-29 Donated by Raja Subramanyam, Architect and Engineer , VV Puram, Benagaluru Donated Book Donated by Raja Subramanyam, Architect and Engineer , VV Puram, Bengaluru
Copyright © 2025, The Librarian, Library and Information Centre, BMSCA D&P, Bengaluru. All Rights Reserved
web counter

Powered by Koha